01541nam a2200373Ia 4500001001200000003000800012006001900020007001500039008004100054010001700095020001500112020003800127020001800165040002100183035002100204050002900225082001600254100002200270245014700292250001800439260006100457300001500518500008000533504005100613533015200664600004500816650006300861650003500924655002900959700001900988710001701007856012601024999001701150ebr10575411CaPaEBRm u cr cn|||||||||091201s2010 ilu sb 001 0 eng d z 2009049923 z0809329700 z9780809329700 (pbk. : alk. paper) z9780809385690 aCaPaEBRcCaPaEBR a(OCoLC)79320672714aPS3521.E735bO534 2010eb04a813/.542221 aHunt, Tim,d1949-10aKerouac's crooked roadh[electronic resource] :bthe development of a fiction /cTim Hunt ; with a foreword by Ann Charters and a new preface. aSIU Press ed. aCarbondale :bSouthern Illinois University Press,c2010. alx, 262 p. aOriginally published: Hamden, Conn. : Archon Books, 1981. With new preface. aIncludes bibliographical references and index. aElectronic reproduction.bPalo Alto, Calif. :cebrary,d2011.nAvailable via World Wide Web.nAccess may be limited to ebrary affiliated libraries.10aKerouac, Jack,d1922-1969.tOn the road. 0aAutobiographical fiction, AmericanxHistory and criticism. 0aBeat generation in literature. 7aElectronic books.2local1 aCharters, Ann.2 aebrary, Inc.40uhttp://site.ebrary.com/lib/rucke/Doc?id=10575411zAn electronic book accessible through the World Wide Web; click to view c78092d78092